01630nam a2200385 a 4500001001000000003000500010005001700015008004100032010001100073011001100084040000900095090001000104100004400114245017700158260004100335500006000376502005300436590004100489590004100530590003900571590003900610590003900649650003400688650003900722650002400761650003500785700003700820856007000857901000700927942001000934942000600944999001900950952013500969952014001104000108616CHAP20220329144018.0140227s2012 mx | |sm |||||||spa|d a105078 a106050 cCHAP aTesis1 aFrancisco Martínez, Alejandro912564910aNiveles de clembuterol detectados en carne de bovino distriuida en Texcoco, Estado de México.h[En línea]cpor Alejandro Francisco Martínez y Juan Pablo Osorio Reyes. aChapingo, Méx. :bEl autor,c2012. aPara ver el contenido del material haga clic en la liga aTesis (Ing. Agr. Esp. en ) -- UACH. Departamento aBATCH-UPDb05c20140324lUCH01h1535 aBATCH-UPDb05c20141002lUCH01h0856 aE792CSJb05c20140227lUCH01h1141 aE792CSJb05c20140227lUCH01h1142 aE792CSJb05c20140227lUCH01h114414aCarne de resxControl.91919914aCarne de resxProducción.91922214aClenbuterol.92378414aGanado vacunoxEngorda.9454611 aOsorio Reyes, Juan Pablo9125650 aFinding aiduhttp://10.13.5.2/tesis/sist108616.pdfzTeclea aquí aBK cTESIS n0 c105078d105078 00102local4051708TESISaBCbBCcPA_TESISd2014-02-27fTESISl0oTesisp33724002359314r2019-12-31 00:00:00w2014-02-27yTESIS 00102local4053708TESISaBCbBCcPA_TESISd2014-02-27fTESISl0oTesisp33724002359355r2019-12-31 00:00:00tc.2w2019-12-31yTESIS